logo

Bir Sreshtho Munshi Abdur Rouf Library
Jhenaidah Cadet College

The vicegerency of man, between revelation and reason : (Record no. 12784)

MARC details
000 -LEADER
fixed length control field 01347nam a2200325 a 4500
001 - CONTROL NUMBER
control field 12784
003 - CONTROL NUMBER IDENTIFIER
control field BD-JhCC
005 - DATE AND TIME OF LATEST TRANSACTION
control field 20230512201456.0
008 - FIXED-LENGTH DATA ELEMENTS--GENERAL INFORMATION
fixed length control field 230512s1999 vau b 000 0 eng
020 ## - INTERNATIONAL STANDARD BOOK NUMBER
International Standard Book Number 1565642724 (hbk.)
035 ## - SYSTEM CONTROL NUMBER
System control number (BD-JhCC)12784
040 ## - CATALOGING SOURCE
Original cataloging agency DLC
Transcribing agency DLC
Modifying agency DLC
-- BD-JhCC
041 1# - LANGUAGE CODE
Language code of text/sound track or separate title eng
Language code of original ara
050 00 - LIBRARY OF CONGRESS CALL NUMBER
Classification number BP166.7
Item number .N36 2000
082 00 - DEWEY DECIMAL CLASSIFICATION NUMBER
Classification number 297.2/25
Edition number 21
Item number NAJ 1999
100 1# - MAIN ENTRY--PERSONAL NAME
Personal name Najjār, ʻAbd al-Majīd.
240 10 - UNIFORM TITLE
Uniform title Khilāfat al-insān bayna al-waḥy wa-al-ʻaql.
Language of a work English
245 14 - TITLE STATEMENT
Title The vicegerency of man, between revelation and reason :
Remainder of title a critique of the dialectic of the text, reason, and reality /
Statement of responsibility, etc. by ʻAbd al-Majīd al-Najjār ; translated by Aref T. Atari.
246 30 - VARYING FORM OF TITLE
Title proper/short title Vicegerency of man
260 ## - PUBLICATION, DISTRIBUTION, ETC.
Place of publication, distribution, etc. Herndon, VA :
Name of publisher, distributor, etc. International Institute of Islamic Thought,
Date of publication, distribution, etc. 1999.
300 ## - PHYSICAL DESCRIPTION
Extent xxv, 90 p. ;
Dimensions 23 cm.
440 #0 - SERIES STATEMENT/ADDED ENTRY--TITLE
Title Islamic methodology ;
Volume/sequential designation no. 2
504 ## - BIBLIOGRAPHY, ETC. NOTE
Bibliography, etc. note Includes bibliographical references (p. [86]-90).
650 #0 - SUBJECT ADDED ENTRY--TOPICAL TERM
Topical term or geographic name entry element Theological anthropology
General subdivision Islam
650 #0 - SUBJECT ADDED ENTRY--TOPICAL TERM
Topical term or geographic name entry element Faith and reason
General subdivision Islam.
650 #0 - SUBJECT ADDED ENTRY--TOPICAL TERM
Topical term or geographic name entry element Islam
General subdivision Doctrines.
906 ## - LOCAL DATA ELEMENT F, LDF (RLIN)
a 7
b cbc
c orignew
d 1
e ocip
f 19
g y-gencatlg
942 ## - ADDED ENTRY ELEMENTS (KOHA)
Source of classification or shelving scheme Dewey Decimal Classification
Koha item type Books
Holdings
Withdrawn status Lost status Source of classification or shelving scheme Damaged status Not for loan Home library Current library Shelving location Date acquired Cost, normal purchase price Total Checkouts Full call number Barcode Date last seen Copy number Price effective from Koha item type
    Dewey Decimal Classification     JCC Rouf Library JCC Rouf Library General Stacks 05/12/2023 200.00   297.2/25 NAJ 1999 16685 05/12/2023 C-1 05/12/2023 Books

JCC Library | Contacts | JCC Home

Last Update on 23 September 2017
Copyright @ 2017-2020 JCC Rouf Library
Rouf Library, Jhenidah Cadet College (JCC), Bangladesh